000
00301nam a22001337a 4500
008
170809b xxu||||| |||| 00| 0 eng d
020
_a
2900132122473
041
_a
eng
080
_2
3RD
_a
004
100
_a
35
101
_a
SHKI
245
_a
LEARNING THE PROGRAM WITH ALICE
_c
DANN
942
_2
udc
_c
BK
999
_c
22947
_d
22947